| 000 | 01718nam a22003737a 4500 | ||
|---|---|---|---|
| 003 | OSt | ||
| 005 | 20260325124454.0 | ||
| 008 | 260325t2018 xxu||||| |||| 00| 0 eng d | ||
| 020 | _a9780198767817 | ||
| 020 | _a9780191080425 | ||
| 040 |
_aUnicoc _bspa _c00001 _d00001 |
||
| 082 | _a617.52 | ||
| 245 |
_aOxford handbook of oral and maxillofacial surgery _c/ Luke Cascarini, Clare Schilling, Ben Gurney, Peter Brennan |
||
| 250 | _a2 Ed. | ||
| 260 |
_aEEUU : _bOxford University Press : _c2018 |
||
| 300 | _a280 páginas | ||
| 440 |
_912780 _aOxford Medical Publications |
||
| 500 | _aIncluye índice | ||
| 505 |
_t1. Overview. -- _t2. Basic knowledge. -- _t3. Radiology. -- _t4. In the emergency department. -- _t5. In the clinic. -- _t6. In the theatre. -- _t7. On the ward. -- _t8. Essential skills. -- _t9. Oral medicine. -- _t10. Emergencies. -- _t11. Commonly used drugs and dental materials. -- _t12. People with whom you will be working. -- _t13. Eponyms and maxillofacial syndromes. |
||
| 526 | _5Unicoc | ||
| 546 | _aIngles | ||
| 650 | 0 |
_94197 _aCirugía maxilofacial |
|
| 650 | 0 |
_985 _aCirugía oral |
|
| 650 | 0 |
_986 _aCirugía bucal |
|
| 650 | 0 |
_9995 _aMedicina oral. |
|
| 658 | 0 |
_98074 _aEspecialización en Rehabilitación Oral |
|
| 658 | 0 |
_98071 _aEspecialización en Endodoncia |
|
| 658 | 0 |
_911722 _aEspecialización en Ortodoncia y Ortopedia Maxilar |
|
| 700 |
_912778 _aSchilling, Clare |
||
| 700 |
_912779 _aGurney, Ben |
||
| 700 |
_912628 _aBrennan, Peter A. |
||
| 856 |
_uhttps://unicoceduco-my.sharepoint.com/:b:/g/personal/direccionbiblioteca_unicoc_edu_co/IQBARMUKGOk2TIGLxDCmbJhxAanyWC5hAZmoJ05_I4CH6tQ _yAcceso online exclusivo para comunidad Unicoc. |
||
| 942 |
_2ddc _cEBOOK |
||
| 999 |
_c10775 _d10775 |
||